000
00366nam a2200121Ia 4500
003
GCL
008
140319s9999 xx 000 0 ara d
040
_a
GCL /
_c
GCL
082
0
4
_a
819.009
_b
م ا
245
1
0
_a
اللغة والبلاغة والميلاد الجديد
260
_a
[S.N] :
_b
دار سعاد الصباح
490
_a
سلسلة دراسات نقدية
_v
0
999
_c
34880
_d
34880